Catalogo general informativo 1988 /

Guardado en:
Formato: Libro
Publicado: Bahía Blanca : 1988
Materias:
Etiquetas: Agregar Etiqueta
Sin Etiquetas, Sea el primero en etiquetar este registro!
LEADER 00594nam a22001935a 4500
001 CEM.cems000801
005 20060210000000.0
008 130507b######################000#0#####d
003 CEMS
082 0 4 |a 378.9821 
245 0 0 |a Catalogo general informativo 1988 / 
260 |a Bahía Blanca :  |b  1988 
300 |a 205 p. 
653 |a Catalogos 
653 |a Educacion 
653 |a Educacion universitaria 
653 |a Universidad nacional del sur 
859 |a CEMS  |b BIB. CEMS - 11 de abril  |h 378.9821  |i B147/1988  |p 15201.88  |t Ej.1 
859 |a CEMS  |b BIB. CEMS - 11 de abril  |h 378.9821  |i B147/1988  |p 15202.88  |t Ej.2